| 000 | 00452 a2200169 4500 | ||
|---|---|---|---|
| 001 | 131322 | ||
| 003 | OSt | ||
| 005 | 20210910170850.0 | ||
| 008 | |||
| 082 |
_a808.0666 _bE27E |
||
| 100 | 1 | _aEmden, Joan Van | |
| 245 | 1 |
_aEffective communication for science and technology _cby John Van Emden |
|
| 260 |
_aNew york _bPalgrave macmillan _c2009 |
||
| 300 | _a200p. | ||
| 690 | _aCommunication Skill | ||
| 942 |
_2ddc _cBK |
||
| 999 |
_c5842 _d5842 |
||